Central Library OPAC University of Rajshahi

The idea of a university defined and illustrated : (Record no. 63301)

MARC details
000 -LEADER
fixed length control field 01025nam a2200265 a 4500
001 - CONTROL NUMBER
control field 63301
003 - CONTROL NUMBER IDENTIFIER
rucl marc code BD-RjUL
005 - DATE AND TIME OF LATEST TRANSACTION
control field 20211209081159.0
008 - FIXED-LENGTH DATA ELEMENTS--GENERAL INFORMATION
fixed length control field 170129s19681968nyu 001 0 eng d
035 ## - SYSTEM CONTROL NUMBER
System control number (BD-RjUL)63430
040 ## - CATALOGING SOURCE
Original cataloging agency BD-RjUL
Transcribing agency BD-RjUL
Modifying agency BD-RjUL
Language of cataloging eng
041 ## - LANGUAGE CODE
Language code of text/sound track or separate title eng
082 ## - DEWEY DECIMAL CLASSIFICATION NUMBER
Edition number 23
Classification number 378
Author mark and year NEI 1968
100 1# - MAIN ENTRY--PERSONAL NAME
Personal name Newman, John Henry,
Dates associated with a name 1801-1890.
9 (RLIN) 188375
245 14 - TITLE STATEMENT
Title The idea of a university defined and illustrated :
Remainder of title In nine discourses delivered to the Catholics of Dublin in occasional lectures and essays addressed to members of the Catholic University /
Statement of responsibility, etc. John Henry Newman; Martin J Svaglic
260 ## - PUBLICATION, DISTRIBUTION, ETC. (IMPRINT)
Place of publication, distribution, etc. New York :
Name of publisher, distributor, etc. Rinehart,
Date of publication, distribution, etc. c1960 [reprinted 1968]
300 ## - PHYSICAL DESCRIPTION
Pagination xlvi, 428 p. ;
Size 19 cm.
490 ## - SERIES STATEMENT
Series statement Rinehart editions ;
Volume/sequential designation no. 102.
500 ## - GENERAL NOTE
General note Includes index
650 #0 - SUBJECT ADDED ENTRY--TOPICAL TERM
Topical term or geographic name as entry element Universities and colleges
General subdivision Philosophy
9 (RLIN) 188376
Topical term or geographic name as entry element Education, Higher
General subdivision Philosophy.
9 (RLIN) 188377
700 ## - ADDED ENTRY--PERSONAL NAME
Personal name Svaglic, Martin J.
830 ## - SERIES ADDED ENTRY--UNIFORM TITLE
Uniform title Rinehart editions ;
Volume number/sequential designation no. 102.
942 ## - ADDED ENTRY ELEMENTS (KOHA)
Source of classification or shelving scheme Dewey Decimal Classification
Koha item type Books
Holdings
Lost status Source of classification or shelving scheme Damaged status Not for loan Collection code Permanent Location Current Location Shelving location Date acquired Source of acquisition Cost, normal purchase price Total Checkouts Full call number Date last seen Copy number Koha item type
  Dewey Decimal Classification   Not For Loan Non-fiction Central Library, University of Rajshahi Central Library, University of Rajshahi Reading Room 12/08/1972 Paramount book cor. 15.60   378 NEI 1968 29/01/2017 C-1 Books